000
00215 a2200097 4500
020
_a
9789707418134
041
_a
spa
100
_a
Tomie de paola
245
_a
la abuelita de arriba y la abuelita de abajo
942
_c
K
999
_c
30245
_d
30243